000 00406nam a2200169Ia 4500
001 11507
003 IN-NITTTR
005 20251114233107.0
008 251113s9999||||xx |||||||||||||| ||eng||
040 _beng
040 _cIN-NITTTR
041 _aeng
082 _a609 R162S
100 _aRangarajan, C.
245 0 _aStrategy for industrial development in the 80s /
_cRangarajan, C.
942 _2ddc
_cBK
999 _c14143
_d14143